000 00554nam a2200181Ia 4500
008 240925s9999 xx 000 0 und d
020 _a9780070601659
082 _a006.6 XIA
100 _aXiang, Zhigang ; Plastock, Roy A.
245 0 _aSchaums Outlines Series Computer Graphics
250 _a2nd
260 _aNew Delhi:
_bMcGraw Hill Education (India) Private Limited
_c,2014.
300 _a843p.
_b0
_fOriginal
500 _aIncludes Index
600 _aComputer Science
650 _aComputer science, information & general works
942 _cBK
999 _c13211
_d13211